000 00391nam a22001697a 4500
005 20160530143258.0
008 160530b xxu||||| |||| 00| 0 eng d
020 _a9812-53-016-9
041 _aeng
082 _b6099
100 _aDalrymple, Dauglas J and others
_91429
245 _aSales Management
260 _bJohn Willy
300 _a566
650 _aManagement
_9241
942 _cBK
999 _c2178
_d2177